000 00564nam a2200241Ia 4500
003 OSt
005 20221006141321.0
006 a|||||r|||| 00| 0
007 ta
008 221006b |||||||| |||| 00| 0 eng d
024 _a1,828
037 _cTextual
040 _aEASL
_cEASL
_beng
041 _2eng
_aeng
082 _aV1:191, L7
100 _aSETON
_9645356
245 0 _aNations and states
260 _c1977
300 _ap.
_ccm.
700 _a WATSON
942 _hV1:191, L7
_cTEXL
_2CC
999 _c1069914
_d1069914